000 00513nam a2200193Ia 4500
003 OSt
005 20240124164718.0
008 210210b1959 xxu||||| |||| 00| 0 eng d
040 _cAL
041 _aKannada
082 _a852/88
100 _aKUMARASVAMI ಕುಮಾರಸ್ವಾಮಿ
_9149038
245 _aMunkann
_bಮುಂಕಣ್
260 _aDharavada
_b-
_c1959
650 _aBharatada Janapada Nratyagalu
_9149042
690 _aKannada Prose
_9149043
906 _a018657
942 _2ddc
_cBK
999 _c142171
_d142171